000
00240 a2200097 4500
001
49387
100
_a
Doyle, Arthur
245
_a
The Complete Sherlock Homes...... Stories
260
_a
London
_b
John Murray & Co.
_c
090
_c
31925
_d
31925
942
_a
NUST-CAE
_c
M
_c
24364
999
_c
284460
_d
284460